La juventud europea y otros ensayos
Enregistré dans:
| Auteur principal: | |
|---|---|
| Format: | Livre |
| Langue: | espagnol |
| Publié: |
Barcelona
Seix Barral, S. A
1968
|
| Édition: | 1a. ed |
| Collection: | Biblioteca Breve de Bolsillo
|
| Sujets: | |
| Tags: |
Ajouter un tag
Pas de tags, Soyez le premier à ajouter un tag!
|
MARC
| LEADER | 00000cam a2200000 a 4500 | ||
|---|---|---|---|
| 001 | UCE4027 | ||
| 003 | CL-VaPUC | ||
| 008 | 141009e19680000sp |||||||||||||||||spa|d | ||
| 082 | 0 | 4 | |a 262.12 |b ARA |2 21 |
| 100 | |a Aranguren, José Luis |e author |9 576609 | ||
| 245 | 1 | 3 | |a La juventud europea y otros ensayos |
| 250 | |a 1a. ed | ||
| 300 | |a 206 p | ||
| 942 | |c BK | ||
| 945 | |d 20141009 14:36:00 |a dcastane | ||
| 260 | |a Barcelona |b Seix Barral, S. A |c 1968 | ||
| 650 | 0 | |a Catolicismo |9 258690 | |
| 650 | 0 | |a Iglesia Católica |9 256114 | |
| 650 | 0 | |a Jóvenes |9 326981 | |
| 583 | |a last modification |c 20141009 14:36:00 |k Rodrigo Vera | ||
| 490 | 0 | |a Biblioteca Breve de Bolsillo | |
| 999 | |c 357116 |d 357114 | ||
| 952 | |0 0 |1 0 |3 erb |4 0 |6 262_120000000000000_ARA_1968 |7 0 |8 A |9 464936 |a BIBTEO |b BIBTEO |i 4999916 |o 262.12 ARA 1968 |p 4999916 |r 2025-01-17 |w 2019-11-23 |y BK |z Catalogado en:20141009 |k ICR | ||